01489nam a2200421 i 450000100060000000300090000600500170001500800390003201500180007102000180008903500210010704000280012804600090015608000150016508000120018024501380019226000480033030000330037833600270041133700540043833800280049238000160052038000270053638500390056338800100060249000150061250400340062765000160066165500300067765800340070770000520074170000370079370000250083071000340085583000400088985600980092985600400102755137KOSZ 00520221222084239.0080825s2008 pl a f f |001 0 pol aPB 2008/21537 a9788301153670 a(OCoLC)749778687 aWA NcWA NdKOSZ 005/HR k2008 a640.41/.42 a(075.8)00aHotelarstwo :busługi - eksploatacja - zarządzanie /cred. nauk. Aleksander Panasiuk, Daniel Szostak ; [aut. Anna Dołowy et al.]. aWarszawa :bWydawnictwo Naukowe PWN,c2008. a377, [1] s. :bil. ;c24 cm. 2rdacontentaTekstbtxt 2rdamediaaBez urządzenia pośredniczącegobn 2rdacarrieraWoluminbnc aKsiążki aPublikacje dydaktyczne mPoziom nuaczaniaaSzkoły wyższe a2001-1 aTurystyka. aBibliogr. s. 364-367. Indeks. 4aHotelarstwo 4aPodręczniki akademickie aGospodarka, ekonomia, finanse1 aPanasiuk, Aleksanderd(1965- )eRedakcjaeAutor1 aSzostak, DanieleRedakcjaeAutor1 aDołowy, AnnaeAutor2 aWydawnictwo Naukowe PWN4pbl. 0aTurystyka - Wydawnictwo Naukowe PWN uhttp://koha.tu.koszalin.pl/cgi-bin/koha/opac-detail.pl?biblionumber=55137yKatalog online BPK uhttp://libra.ibuk.pl/book/659yIBUK